[Event "ONJK 2018 FGH"]
[Site "Borne, Netherlands"]
[Date "2018.08.06"]
[Round "1.1"]
[White "Plomp, Mateo"]
[Black "Sapulette, Jay-Giani"]
[Result "1-0"]
[WhiteElo "1321"]
[BlackElo "580"]
[PlyCount "63"]
[EventDate "2018.??.??"]

1. e4 d5 2. exd5 Qxd5 3. Nf3 Qe6+ 4. Be2 c6 5. O-O b5 6. d4 Qg6 7. Bd3 f5 8.
Ne5 Qe6 9. Re1 Qd6 10. c3 g6 11. Bf4 Qf6 12. c4 b4 13. Nd2 e6 14. Bg5 Qxg5 15.
Nef3 Qg4 16. h3 Qh5 17. Be2 c5 18. Ne5 Qg5 19. Bf3 Bd6 20. Bxa8 Bxe5 21. Rxe5
Bd7 22. Rxc5 Na6 23. Ra5 Nc7 24. Rxa7 Nxa8 25. Rxa8+ Ke7 26. Nf3 Qh6 27. Qb3
Bc6 28. Qxb4+ Kf6 29. Rf8+ Kg7 30. Qd6 Ba4 31. Ne5 f4 32. Rf7# 1-0

[Event "ONJK 2018 FGH"]
[Site "Borne, Netherlands"]
[Date "2018.08.06"]
[Round "1.2"]
[White "Chardon, Kayen"]
[Black "Madularea, David"]
[Result "0-1"]
[WhiteElo "524"]
[BlackElo "1085"]
[PlyCount "58"]
[EventDate "2018.??.??"]

1. e4 e5 2. Nf3 Nf6 3. Bc4 Nc6 4. Nc3 g6 5. Ng5 d5 6. exd5 Nxd5 7. d3 h6 8.
Nge4 Nxc3 9. Nxc3 Bg7 10. O-O O-O 11. Qf3 Be6 12. Bb5 Nd4 13. Qxb7 Rb8 14. Qxa7
Nxb5 15. Nxb5 Rxb5 16. Qe3 Kh7 17. c4 Rb6 18. b3 g5 19. Ba3 Re8 20. Bc5 Rc6 21.
Qe4+ f5 22. Qxc6 Bf7 23. Qf3 e4 24. Qxf5+ Bg6 25. Qh3 Bxa1 26. Rxa1 exd3 27. f3
d2 28. Rd1 Re1+ 29. Rxe1 dxe1=Q# 0-1

[Event "ONJK 2018 FGH"]
[Site "Borne, Netherlands"]
[Date "2018.08.06"]
[Round "1.3"]
[White "Kazarjan, Gachatur"]
[Black "Tiggelhoven, Hugo"]
[Result "1-0"]
[WhiteElo "1077"]
[BlackElo "479"]
[PlyCount "103"]
[EventDate "2018.??.??"]

1. d4 d5 2. Nf3 Nc6 3. Bf4 Nb4 4. c3 Nc6 5. e3 Bg4 6. Be2 Nf6 7. h3 Bh5 8. Nbd2
e6 9. Ne5 Bd6 10. Nxc6 bxc6 11. Bxd6 cxd6 12. Bxh5 Nxh5 13. Qxh5 O-O 14. Nf3 g6
15. Qh6 Qf6 16. O-O Rab8 17. b3 e5 18. Ng5 Qh8 19. f4 exd4 20. exd4 Rbe8 21.
Rf3 Qg7 22. Qxg7+ Kxg7 23. h4 h6 24. Nh3 Re7 25. Raf1 Rfe8 26. f5 Re3 27. fxg6
Rxf3 28. Rxf3 Re1+ 29. Kh2 fxg6 30. a4 a5 31. Nf4 Re4 32. b4 axb4 33. cxb4 Re7
34. Rg3 Kh7 35. a5 Ra7 36. Nxg6 c5 37. Nf4 cxb4 38. Nxd5 Rxa5 39. Nxb4 d5 40.
Rf3 Rb5 41. Nc2 Rb2 42. Ne3 Rd2 43. Rf4 Rd3 44. Nxd5 h5 45. Ne7 Re3 46. Nc6 Kg6
47. d5 Re5 48. Nxe5+ Kg7 49. d6 Kg8 50. d7 Kg7 51. Rf7+ Kg8 52. d8=R# 1-0

[Event "ONJK 2018 FGH"]
[Site "Borne, Netherlands"]
[Date "2018.08.06"]
[Round "1.4"]
[White "Mernier, Simon"]
[Black "Bakker, Tim"]
[Result "1-0"]
[WhiteElo "1263"]
[BlackElo "490"]
[PlyCount "55"]
[EventDate "2018.??.??"]

1. c4 e5 2. e4 Bc5 3. d3 Qf6 4. Nf3 d5 5. cxd5 Bg4 6. Be2 Bxf3 7. Bxf3 Qh4 8.
O-O Nf6 9. Nc3 h5 10. Nb5 Na6 11. Bd2 Ng4 12. h3 Nf6 13. Qc1 O-O 14. Bg5 Qxf2+
15. Rxf2 Bxf2+ 16. Kxf2 Rac8 17. Nxa7 Ra8 18. Nb5 c6 19. dxc6 Rfc8 20. cxb7
Rxc1 21. bxa8=Q+ Kh7 22. Rxc1 Nb4 23. Bxf6 gxf6 24. Bxh5 Nxd3+ 25. Ke3 Nxc1 26.
Qf8 Nxa2 27. Qxf7+ Kh6 28. Qg6# 1-0

[Event "ONJK 2018 FGH"]
[Site "Borne, Netherlands"]
[Date "2018.08.06"]
[Round "1.5"]
[White "Luzac, Tijmen"]
[Black "Trunz, Tamila"]
[Result "1/2-1/2"]
[WhiteElo "411"]
[BlackElo "1128"]
[PlyCount "95"]
[EventDate "2018.??.??"]

1. e4 e5 2. Nf3 Nc6 3. Bb5 Bc5 4. O-O d6 5. Bxc6+ bxc6 6. Nc3 Bg4 7. h3 Bh5 8.
d3 h6 9. Be3 Bb6 10. Bxb6 cxb6 11. Qe2 Nf6 12. Qe3 O-O 13. Nd2 Nh7 14. Nb3 Qf6
15. f3 Qg5 16. Qxg5 Nxg5 17. d4 Ne6 18. dxe5 dxe5 19. g4 Bg6 20. Ne2 Rad8 21.
f4 exf4 22. Nxf4 Bxe4 23. Nxe6 fxe6 24. Rxf8+ Rxf8 25. Re1 Bd5 26. Rf1 Rxf1+
27. Kxf1 Kf7 28. Kf2 Kf6 29. Kg3 e5 30. h4 g5 31. hxg5+ hxg5 32. a3 e4 33. Kf2
Ke5 34. Ke3 Be6 35. Nd2 Bd5 36. b3 b5 37. a4 a6 38. axb5 axb5 39. c4 bxc4 40.
bxc4 Be6 41. Nxe4 Bxc4 42. Nxg5 Be6 43. Nxe6 Kxe6 44. Kf4 c5 45. g5 Kf7 46. Kf5
c4 47. g6+ Kg7 48. Ke4 1/2-1/2

[Event "ONJK 2018 FGH"]
[Site "Borne, Netherlands"]
[Date "2018.08.06"]
[Round "1.6"]
[White "Huang, Luna"]
[Black "Van Dreumel, Job"]
[Result "1-0"]
[WhiteElo "704"]
[BlackElo "200"]
[PlyCount "31"]
[EventDate "2018.??.??"]

1. e4 e5 2. Nf3 Nf6 3. Nc3 Nc6 4. Bc4 Bb4 5. a3 Ba5 6. b4 Bb6 7. d3 d6 8. h3 g5
9. Bxg5 a6 10. O-O h6 11. Bh4 Bd7 12. Nd5 Nxd5 13. Bxd5 Nd4 14. c3 Nxf3+ 15.
Qxf3 Rg8 16. Qxf7# 1-0

[Event "ONJK 2018 FGH"]
[Site "Borne, Netherlands"]
[Date "2018.08.06"]
[Round "1.7"]
[White "De Vries, Jaap"]
[Black "Thijsen, Freek"]
[Result "0-1"]
[WhiteElo "190"]
[BlackElo "619"]
[PlyCount "30"]
[EventDate "2018.??.??"]

1. f4 d5 2. Nc3 Nf6 3. Nf3 Bf5 4. d4 e6 5. e3 Bb4 6. a3 Bxc3+ 7. bxc3 Nc6 8.
Bd2 O-O 9. g3 Be4 10. Bg2 Re8 11. O-O Bxf3 12. Rxf3 Qe7 13. Rb1 Qxa3 14. Rb3
Qa6 15. Bf1 Qa4 0-1

[Event "ONJK 2018 FGH"]
[Site "Borne, Netherlands"]
[Date "2018.08.06"]
[Round "2.1"]
[White "De Keukelaere, Ruben"]
[Black "Plomp, Mateo"]
[Result "0-1"]
[WhiteElo "857"]
[BlackElo "1321"]
[PlyCount "74"]
[EventDate "2018.??.??"]

1. e4 e6 2. d4 d5 3. exd5 exd5 4. Bg5 Qxg5 5. Qe2+ Be6 6. Qb5+ Bd7 7. Qxb7 Qc1+
8. Ke2 Qxc2+ 9. Ke1 Bc6 10. Qc8+ Ke7 11. Qxc7+ Ke6 12. Nc3 Bd6 13. Qa5 Qxb2 14.
Rd1 Bb4 15. Rb1 Bxc3+ 16. Qxc3 Qxc3+ 17. Kd1 Qxd4+ 18. Kc1 Qxf2 19. Nh3 Qxa2
20. Nf4+ Kd6 21. Rb2 Qa1+ 22. Rb1 Qc3+ 23. Kd1 Ba4+ 24. Ke2 Qc2+ 25. Kf3 Qxb1
26. Bd3 Qxh1 27. h3 Qd1+ 28. Be2 Qb3+ 29. Bd3 Bb5 30. Ke3 Nc6 31. Kd2 Bxd3 32.
Nxd3 Nd4 33. Nc1 Qc2+ 34. Ke3 Nf5+ 35. Kf4 Qe4+ 36. Kg5 f6+ 37. Kh5 Ng3# 0-1

[Event "ONJK 2018 FGH"]
[Site "Borne, Netherlands"]
[Date "2018.08.06"]
[Round "2.2"]
[White "Madularea, David"]
[Black "Fallaux, Storm"]
[Result "0-1"]
[WhiteElo "1085"]
[BlackElo "902"]
[PlyCount "102"]
[EventDate "2018.??.??"]

1. d4 d5 2. c4 dxc4 3. Nc3 Nc6 4. Nf3 Nf6 5. e4 Bg4 6. Be2 Bxf3 7. gxf3 Qxd4 8.
Qa4 e6 9. Be3 Qd7 10. Rd1 Qc8 11. Qxc4 g6 12. f4 Bg7 13. e5 Nd7 14. Bf3 Ne7 15.
Qd3 f6 16. exf6 Nxf6 17. Bc5 a6 18. Bxb7 Qxb7 19. Qf1 Qxb2 20. Bd4 Qb7 21. Rg1
Rg8 22. Qh3 Kf7 23. Rd3 Ne4 24. Re3 Bxd4 25. Nxe4 Bxe3 26. Qxe3 Qb1+ 27. Ke2
Qxg1 28. Ng5+ Ke8 29. Nxh7 Rg7 30. Ng5 Qb1 31. Nxe6 Qxa2+ 32. Kf3 Qd5+ 33. Ke2
Qb5+ 34. Kf3 Qc6+ 35. Ke2 Rh7 36. Qe5 Ra7 37. Ng7+ Kf7 38. Qe3 Qb6 39. Qd2 Rxg7
40. Qc1 a5 41. Kf1 a4 42. Qc4+ Qe6 43. Qc3 a3 44. Kg2 a2 45. Qa1 g5 46. fxg5
Rxg5+ 47. Kf1 Rb5 48. Kg2 Rb1 49. Qxa2 Rxa2 50. h4 Qg4+ 51. Kh2 Rxf2# 0-1

[Event "ONJK 2018 FGH"]
[Site "Borne, Netherlands"]
[Date "2018.08.06"]
[Round "2.3"]
[White "De Rycke, Killian"]
[Black "Kazarjan, Gachatur"]
[Result "0-1"]
[WhiteElo "799"]
[BlackElo "1077"]
[PlyCount "40"]
[EventDate "2018.??.??"]

1. e4 e6 2. d4 d5 3. exd5 exd5 4. Nf3 Nf6 5. Bf4 Bd7 6. Nc3 Nc6 7. Bg5 Be6 8.
Ne5 a6 9. g3 Be7 10. Bg2 O-O 11. O-O h6 12. Nxc6 bxc6 13. Bf4 Qd7 14. a3 Bh3
15. Qe2 Rfe8 16. Qe5 Bd6 17. Bxh3 Qxh3 18. Rfe1 Ng4 19. Qf5 Qxh2+ 20. Kf1 Qxf2#
0-1

[Event "ONJK 2018 FGH"]
[Site "Borne, Netherlands"]
[Date "2018.08.06"]
[Round "2.4"]
[White "Vijver, Jonathan"]
[Black "Mernier, Simon"]
[Result "1-0"]
[WhiteElo "738"]
[BlackElo "1263"]
[PlyCount "59"]
[EventDate "2018.??.??"]

1. c4 e5 2. Nc3 c5 3. g3 Nf6 4. Bg2 Nc6 5. Nf3 d6 6. O-O Be7 7. d3 Be6 8. Bg5
h6 9. Be3 O-O 10. Qb3 Qc7 11. Nd2 Bd7 12. Nd5 Nxd5 13. Bxd5 Be6 14. Bg2 f5 15.
f4 Bf6 16. fxe5 Bxe5 17. Bf4 Bxf4 18. Rxf4 Rab8 19. e3 b5 20. Qd1 bxc4 21. dxc4
Rxb2 22. e4 Rb7 23. exf5 Rxf5 24. Rxf5 Bxf5 25. Qf3 Bd7 26. Rf1 Rb8 27. Qf7+
Kh8 28. Be4 Ne5 29. Qf8+ Rxf8 30. Rxf8# 1-0

[Event "ONJK 2018 FGH"]
[Site "Borne, Netherlands"]
[Date "2018.08.06"]
[Round "2.5"]
[White "Koorevaar, Sarah-Joy"]
[Black "Verwer, Oscar"]
[Result "0-1"]
[WhiteElo "671"]
[BlackElo "904"]
[PlyCount "50"]
[EventDate "2018.??.??"]

1. e4 e5 2. f4 exf4 3. Nf3 d5 4. exd5 Qxd5 5. Nc3 Qe6+ 6. Qe2 Qxe2+ 7. Bxe2 Bf5
8. Nd5 Bd6 9. c4 c6 10. c5 cxd5 11. cxd6 Nf6 12. Nd4 Bg4 13. Nb5 Na6 14. Bxg4
Nxg4 15. h3 Nf6 16. d4 O-O 17. Bxf4 Nb4 18. O-O-O Ne4 19. Rhe1 Nxa2+ 20. Kb1
Nb4 21. Nc7 Rad8 22. Nxd5 Nxd5 23. Rxe4 Nxf4 24. Rxf4 Rxd6 25. Rg4 g6 0-1

[Event "ONJK 2018 FGH"]
[Site "Borne, Netherlands"]
[Date "2018.08.06"]
[Round "2.6"]
[White "Zoet, Wiebe"]
[Black "Huang, Luna"]
[Result "0-1"]
[WhiteElo "376"]
[BlackElo "704"]
[PlyCount "64"]
[EventDate "2018.??.??"]

1. e4 e5 2. c4 Nf6 3. Nc3 Nc6 4. Nf3 Bb4 5. a3 Ba5 6. Nb5 a6 7. Nc3 d6 8. b4
Bb6 9. Ng5 h6 10. Nf3 Ng4 11. h3 Nxf2 12. Rg1 Nxd1 13. Nxd1 Bxg1 14. Nxg1 Nd4
15. Bb2 Nc2+ 16. Ke2 Nxa1 17. Bxa1 c5 18. bxc5 dxc5 19. Nf3 Qd6 20. Nh4 Qf6 21.
Nf3 O-O 22. g4 Be6 23. Nc3 Bxc4+ 24. d3 Be6 25. Bg2 c4 26. dxc4 Bxc4+ 27. Kd1
Rad8+ 28. Kc1 Qf4+ 29. Nd2 Qxd2+ 30. Kb1 Qxg2 31. h4 Qg3 32. g5 Qg4 0-1

[Event "ONJK 2018 FGH"]
[Site "Borne, Netherlands"]
[Date "2018.08.06"]
[Round "2.7"]
[White "Thijsen, Freek"]
[Black "Shin, Hajin"]
[Result "1-0"]
[WhiteElo "619"]
[BlackElo "254"]
[PlyCount "35"]
[EventDate "2018.??.??"]

1. e4 e5 2. Nf3 Nc6 3. Bc4 Nf6 4. Ng5 Qe7 5. Bxf7+ Kd8 6. Bc4 h6 7. Nf7+ Ke8 8.
Nxh8 Nxe4 9. d3 Qf7 10. Nxf7 Na5 11. Bd5 Nc5 12. b4 c6 13. Bc4 d5 14. bxc5 dxc4
15. Nxe5 Be6 16. Qh5+ Bf7 17. Qxf7+ Kd8 18. Qd7# 1-0

[Event "ONJK 2018 FGH"]
[Site "Borne, Netherlands"]
[Date "2018.08.07"]
[Round "3.1"]
[White "Plomp, Mateo"]
[Black "Cappan, Stan"]
[Result "1-0"]
[WhiteElo "1321"]
[BlackElo "1065"]
[PlyCount "87"]
[EventDate "2018.??.??"]

1. e4 e5 2. Nf3 Nc6 3. Bc4 Nf6 4. Ng5 d5 5. exd5 Na5 6. Bb5+ c6 7. dxc6 bxc6 8.
Ba4 h6 9. Nf3 e4 10. Ne5 Qd6 11. f4 Qd4 12. Bb3 Nxb3 13. axb3 Bd6 14. c3 Qd5
15. d4 Bxe5 16. fxe5 Ng4 17. O-O e3 18. Qf3 Qxf3 19. Rxf3 e2 20. Bd2 Bf5 21.
Rxf5 Ne3 22. Rf2 Nc2 23. Ra6 e1=Q+ 24. Bxe1 Nxe1 25. Rxc6 Nd3 26. Rd2 Nf4 27.
g3 Nd5 28. Re2 Ne7 29. Ra6 Rb8 30. Rxa7 Rxb3 31. Ra8+ Kd7 32. Rxh8 Rb7 33. Rh7
Nf5 34. g4 Nh4 35. Rxg7 Kc6 36. Rh7 h5 37. gxh5 Ra7 38. Rh6+ Kd5 39. Rd6+ Kc4
40. Na3+ Kb3 41. Rb6+ Ka4 42. Rc2 Ka5 43. Nc4+ Ka4 44. b3# 1-0

[Event "ONJK 2018 FGH"]
[Site "Borne, Netherlands"]
[Date "2018.08.07"]
[Round "3.2"]
[White "Kazarjan, Gachatur"]
[Black "De Vreugt Pezo, Max"]
[Result "1-0"]
[WhiteElo "1077"]
[BlackElo "976"]
[PlyCount "153"]
[EventDate "2018.??.??"]

1. d4 d5 2. Nf3 Nf6 3. Bf4 Nc6 4. e3 Bg4 5. Be2 e6 6. Nbd2 Be7 7. O-O O-O 8. c3
Re8 9. Rc1 Bd6 10. Bg5 Be7 11. h3 Bh5 12. Bb5 a6 13. Bxc6 bxc6 14. c4 Ne4 15.
Bxe7 Qxe7 16. Qc2 Bg6 17. Qa4 Qd6 18. Nxe4 Bxe4 19. c5 Qe7 20. Nd2 Bd3 21. Rfe1
Bb5 22. Qc2 Rec8 23. a4 Bc4 24. b3 Bb5 25. Ra1 a5 26. axb5 cxb5 27. Ra2 Ra7 28.
Rea1 Rca8 29. Nf3 f6 30. Qd2 b4 31. Qd3 c6 32. Qe2 Qd7 33. Ne1 Qc7 34. Nd3 e5
35. Nb2 Ra6 36. Na4 R8a7 37. Qg4 Qd7 38. Qxd7 Rxd7 39. Nb6 Rda7 40. Nc8 Ra8 41.
Nd6 e4 42. Ra4 R6a7 43. Nf5 Kf8 44. Ng3 g6 45. Ne2 Ke7 46. Nc1 Kd7 47. Na2 Kc7
48. Nxb4 Kb7 49. Nc2 f5 50. Kh2 Kb8 51. Kg3 Kc7 52. b4 Kb7 53. Rxa5 Rxa5 54.
Rxa5 Rxa5 55. bxa5 Kc7 56. Nb4 Kb7 57. a6+ Ka7 58. Nxc6+ Kxa6 59. Ne7 Kb7 60.
Nxd5 Kc6 61. Ne7+ Kd7 62. Nd5 Kd8 63. Nb6 Kc7 64. d5 Kd8 65. d6 Ke8 66. c6 g5
67. c7 h5 68. c8=Q+ Kf7 69. Qd7+ Kf6 70. Qe7+ Kg6 71. h4 g4 72. Qg5+ Kf7 73.
Qxf5+ Kg7 74. Nd5 Kh6 75. Qg5+ Kh7 76. Nf6+ Kh8 77. Qg8# 1-0

[Event "ONJK 2018 FGH"]
[Site "Borne, Netherlands"]
[Date "2018.08.07"]
[Round "3.3"]
[White "Fallaux, Storm"]
[Black "Govoreanu, Matei"]
[Result "1/2-1/2"]
[WhiteElo "902"]
[BlackElo "1073"]
[PlyCount "48"]
[EventDate "2018.??.??"]

1. e4 c5 2. Nf3 Nc6 3. Bc4 e6 4. Nc3 Nf6 5. d3 d5 6. exd5 exd5 7. Bb5 Bd7 8.
Qe2+ Be7 9. Bg5 O-O 10. Bxf6 Bxf6 11. O-O Re8 12. Qd2 Bg4 13. Qf4 Bd7 14. Nxd5
Bxb2 15. Rab1 Be5 16. Nxe5 Nxe5 17. Bxd7 Qxd7 18. Nc3 Ng6 19. Qf3 Rab8 20. Ne4
b6 21. Qg3 Rbd8 22. Kh1 Qc6 23. f4 f6 24. f5 Ne5 1/2-1/2

[Event "ONJK 2018 FGH"]
[Site "Borne, Netherlands"]
[Date "2018.08.07"]
[Round "3.4"]
[White "Verwer, Oscar"]
[Black "Kommessin, Felix"]
[Result "1-0"]
[WhiteElo "904"]
[BlackElo "786"]
[PlyCount "77"]
[EventDate "2018.??.??"]

1. e4 e5 2. Nf3 Nc6 3. d4 d6 4. dxe5 dxe5 5. Qxd8+ Kxd8 6. Bc4 Ke8 7. Nc3 Nf6
8. Ng5 Nd8 9. O-O h6 10. Nf3 Bg4 11. Nxe5 Bd6 12. Nxg4 Nxg4 13. g3 Nc6 14. Bb5
a6 15. Ba4 b5 16. Bb3 b4 17. Ne2 Nf6 18. Ba4 Kd7 19. Nd4 Nxe4 20. Bxc6+ Ke7 21.
Bxe4 Rad8 22. Nc6+ Ke8 23. Nxd8 Kxd8 24. Rd1 Ke8 25. Be3 Ke7 26. Kf1 Re8 27.
Rd4 Kf8 28. Kg2 c5 29. Rxd6 Rxe4 30. Rxa6 Re8 31. Bxc5+ Kg8 32. Bxb4 Rb8 33. a3
Kh7 34. Ra7 Kg8 35. Re1 f6 36. Ree7 g6 37. Rg7+ Kh8 38. Rh7+ Kg8 39. Rag7# 1-0

[Event "ONJK 2018 FGH"]
[Site "Borne, Netherlands"]
[Date "2018.08.07"]
[Round "3.5"]
[White "Hesse, Frederik"]
[Black "Pereira Garza, Cecilia"]
[Result "1/2-1/2"]
[WhiteElo "779"]
[BlackElo "818"]
[PlyCount "80"]
[EventDate "2018.??.??"]

1. e4 e6 2. d4 d5 3. exd5 exd5 4. Qe2+ Qe7 5. Qxe7+ Bxe7 6. Bb5+ Bd7 7. Bxd7+
Nxd7 8. Nf3 O-O-O 9. O-O Ngf6 10. Nc3 Nf8 11. Nb5 Kb8 12. Ne5 Re8 13. Nxf7 Rg8
14. Bf4 Ne6 15. Be5 Rgf8 16. Bxc7+ Nxc7 17. Nxc7 Kxc7 18. Ne5 Bd6 19. Rfe1 Re7
20. Nd3 Rfe8 21. Rxe7+ Rxe7 22. h3 Re2 23. Rc1 Ne4 24. f3 Ng3 25. f4 Nf5 26.
Ne5 Bxe5 27. dxe5 Re4 28. Rd1 d4 29. c3 Kd7 30. cxd4 Rxd4 31. Rxd4+ Nxd4 32.
Kf2 Ke6 33. Ke3 Nf5+ 34. Ke4 Ng3+ 35. Kf3 Nf5 36. g4 Nh4+ 37. Kg3 Ng6 38. f5+
Kxe5 39. fxg6 hxg6 40. h4 Kf6 1/2-1/2

[Event "ONJK 2018 FGH"]
[Site "Borne, Netherlands"]
[Date "2018.08.07"]
[Round "3.6"]
[White "Huang, Luna"]
[Black "Rooijakkers, Liam"]
[Result "1-0"]
[WhiteElo "704"]
[BlackElo "523"]
[PlyCount "53"]
[EventDate "2018.??.??"]

1. e4 c5 2. d4 cxd4 3. Qxd4 Nc6 4. Qd1 g6 5. Nc3 Bg7 6. Nf3 e6 7. Bb5 Nge7 8.
Bg5 O-O 9. h4 h5 10. Nh2 a6 11. Be2 f5 12. exf5 Rxf5 13. g4 Rf7 14. gxh5 gxh5
15. Bxh5 Rf8 16. Qg4 Qb6 17. f3 d5 18. Bh6 Nf5 19. O-O-O Nxh6 20. Qg2 Nf5 21.
Rhg1 d4 22. Na4 Qa5 23. b3 Rd8 24. Bg4 Ne3 25. Bxe6+ Kf8 26. Qxg7+ Ke8 27. Qf7#
1-0

[Event "ONJK 2018 FGH"]
[Site "Borne, Netherlands"]
[Date "2018.08.07"]
[Round "3.7"]
[White "Gang, Kevin"]
[Black "Thijsen, Freek"]
[Result "1-0"]
[WhiteElo "449"]
[BlackElo "619"]
[PlyCount "149"]
[EventDate "2018.??.??"]

1. d4 d5 2. c4 Nf6 3. cxd5 Nxd5 4. e4 Nf6 5. Nc3 Bg4 6. Nf3 e6 7. Bg5 Be7 8. e5
Nd5 9. Nxd5 exd5 10. Bxe7 Qxe7 11. Qb3 Nc6 12. Qxb7 Nb4 13. Qxa8+ Qd8 14. Qxd8+
Kxd8 15. O-O-O Nxa2+ 16. Kb1 Nb4 17. h3 Bh5 18. g4 Bg6+ 19. Kc1 Be4 20. Bg2
Nd3+ 21. Kd2 Nxf2 22. Rhf1 Nxd1 23. Rxd1 Rf8 24. Nh4 g5 25. Bxe4 dxe4 26. Ng2
Kc8 27. Re1 f5 28. gxf5 Rxf5 29. Rxe4 h5 30. e6 Kd8 31. e7+ Ke8 32. Re5 Rf2+
33. Ke3 Rxg2 34. Kf3 Rxb2 35. Rxg5 Rb3+ 36. Kg2 Kxe7 37. Rxh5 a5 38. Rxa5 Rd3
39. Ra4 Rd2+ 40. Kf3 Rd3+ 41. Kg4 Kd6 42. h4 Rd2 43. h5 Ke7 44. Kg5 Rh2 45. Kg6
Kf8 46. h6 Kg8 47. Rc4 Rg2+ 48. Kh5 Rh2+ 49. Kg6 Rg2+ 50. Kf6 Kh7 51. Rxc7+
Kxh6 52. d5 Rg6+ 53. Ke5 Rg5+ 54. Ke4 Rg4+ 55. Ke5 Rg5+ 56. Ke6 Rg6+ 57. Kf5
Rg5+ 58. Ke4 Rg4+ 59. Kd3 Rg5 60. Rc6+ Kg7 61. d6 Kf7 62. Rc4 Ke6 63. Rd4 Rd5
64. Rxd5 Kxd5 65. d7 Kd6 66. d8=Q+ Ke6 67. Kd4 Kf5 68. Qe8 Kf4 69. Qe4+ Kg5 70.
Qf3 Kg6 71. Ke5 Kg7 72. Qf6+ Kh7 73. Qg5 Kh8 74. Kf6 Kh7 75. Qg7# 1-0

[Event "ONJK 2018 FGH"]
[Site "Borne, Netherlands"]
[Date "2018.08.07"]
[Round "4.1"]
[White "Kazarjan, Gachatur"]
[Black "Plomp, Mateo"]
[Result "1/2-1/2"]
[WhiteElo "1077"]
[BlackElo "1321"]
[PlyCount "78"]
[EventDate "2018.??.??"]

1. d4 f5 2. e4 d6 3. Nc3 Nf6 4. e5 dxe5 5. dxe5 Qxd1+ 6. Nxd1 Nfd7 7. Bf4 e6 8.
Nf3 g6 9. Bc4 Nb6 10. Bb3 Nc6 11. O-O Bg7 12. Nc3 Bd7 13. Rfe1 O-O-O 14. Ng5
Rde8 15. a4 Nd4 16. a5 Nd5 17. Nxd5 exd5 18. Rad1 Nxb3 19. cxb3 c6 20. Nf7 Re7
21. Nxh8 Bxh8 22. Re2 Be6 23. Rde1 Bg7 24. Bg5 Re8 25. Bf6 Bf8 26. Ra1 a6 27.
h3 h5 28. Kh2 Kd7 29. Re3 Kc8 30. Kg3 Kd7 31. f3 Bh6 32. f4 Kc8 33. Bg5 Bg7 34.
h4 Kd7 35. Kf3 Kc8 36. g3 Kd7 37. Ke2 Kc8 38. Kd3 Bf8 39. Kc3 Kd7 1/2-1/2

[Event "ONJK 2018 FGH"]
[Site "Borne, Netherlands"]
[Date "2018.08.07"]
[Round "4.2"]
[White "Govoreanu, Matei"]
[Black "Chardon, Kayen"]
[Result "1-0"]
[WhiteElo "1073"]
[BlackElo "524"]
[PlyCount "73"]
[EventDate "2018.??.??"]

1. e4 e5 2. Nf3 Nc6 3. Bc4 Bc5 4. b4 Bd4 5. c3 Bb6 6. a4 a5 7. b5 Nf6 8. bxc6
dxc6 9. Ba3 Nxe4 10. Qb3 Bc5 11. Bxf7+ Kf8 12. Bxc5+ Nxc5 13. Qc4 Nd3+ 14. Kf1
b6 15. Nxe5 Ba6 16. Qd4 Nxe5+ 17. Kg1 Qxd4 18. cxd4 Nxf7 19. h4 g6 20. Kh2 Kg7
21. Re1 Rae8 22. Rc1 Rhf8 23. Rxc6 Bb7 24. Rxc7 Be4 25. Nc3 Ba8 26. Nb5 Re2 27.
Kg1 Rxd2 28. Re1 Bd5 29. Re5 Bc4 30. Nd6 Bb3 31. Re4 Bd5 32. Rf4 Rd1+ 33. Kh2
Ra1 34. h5 g5 35. Rf5 Be6 36. Rxg5+ Kf6 37. Ne4# 1-0

[Event "ONJK 2018 FGH"]
[Site "Borne, Netherlands"]
[Date "2018.08.07"]
[Round "4.3"]
[White "Sapulette, Jay-Giani"]
[Black "Fallaux, Storm"]
[Result "0-1"]
[WhiteElo "580"]
[BlackElo "902"]
[PlyCount "126"]
[EventDate "2018.??.??"]

1. c4 e5 2. d4 exd4 3. Qxd4 Nc6 4. Qe3+ Qe7 5. Qxe7+ Bxe7 6. Nc3 Nf6 7. Na4 b6
8. Nf3 Ba6 9. e3 Bb4+ 10. Bd2 Bxd2+ 11. Nxd2 O-O-O 12. c5 bxc5 13. Bxa6+ Kb8
14. Nb3 Nb4 15. O-O-O Nxa6 16. Nbxc5 Nxc5 17. Nxc5 d6 18. Na6+ Kb7 19. Nb4 Ne4
20. Rhf1 f5 21. f3 Nc5 22. Rd4 Ne6 23. Rd3 f4 24. Rb3 Ka8 25. Nc6 Rde8 26. e4
Nc5 27. Rc3 g5 28. Re1 h5 29. e5 dxe5 30. Nxe5 Nb7 31. Rxc7 Rc8 32. Rc2 Rxc2+
33. Kxc2 Re8 34. Kd3 Rd8+ 35. Kc4 Rd2 36. Kc3 Rxg2 37. Rd1 Rxh2 38. Re1 Rg2 39.
Ng6 a6 40. Re8+ Ka7 41. Re1 Rf2 42. Ne5 Rg2 43. Nc6+ Kb6 44. Re6 Kc7 45. Nd4
Rg3 46. Rc6+ Kd7 47. Rxa6 g4 48. Rg6 Nc5 49. Rg7+ Kd6 50. Nf5+ Ke5 51. Nxg3
fxg3 52. Rg5+ Kd6 53. Rxh5 g2 54. Rh6+ Kd5 55. Rh5+ Kc6 56. Rh6+ Kb5 57. fxg4
g1=Q 58. Rg6 Na4+ 59. Kd3 Nxb2+ 60. Kc3 Qc1+ 61. Kb3 Qb1 62. Rg8 Nd1+ 63. Ka3
Qb4# 0-1

[Event "ONJK 2018 FGH"]
[Site "Borne, Netherlands"]
[Date "2018.08.07"]
[Round "4.4"]
[White "Hesse, Frederik"]
[Black "Verwer, Oscar"]
[Result "1/2-1/2"]
[WhiteElo "779"]
[BlackElo "904"]
[PlyCount "98"]
[EventDate "2018.??.??"]

1. e4 e5 2. Nc3 Nf6 3. Bc4 Bc5 4. d3 d6 5. Be3 Bxe3 6. fxe3 Bg4 7. Nf3 Nc6 8.
Qd2 Qd7 9. O-O-O O-O 10. h3 Be6 11. Bxe6 Qxe6 12. Ng5 Qd7 13. d4 exd4 14. exd4
a5 15. d5 Ne5 16. Nf3 b5 17. Nxe5 dxe5 18. Qg5 b4 19. Ne2 a4 20. Rhf1 b3 21.
axb3 axb3 22. cxb3 Ra1+ 23. Kc2 Rxd1 24. Kxd1 Ra8 25. Rxf6 h6 26. Qg3 Kf8 27.
Rc6 Rd8 28. Qxe5 Qxc6 29. Nf4 Qd6 30. Qxd6+ cxd6 31. Kc2 g5 32. Nd3 f6 33. b4
Rb8 34. Kc3 h5 35. Kd4 Ke7 36. e5 f5 37. exd6+ Kxd6 38. Ne5 Rxb4+ 39. Nc4+ Ke7
40. Kc5 Rb8 41. d6+ Kd7 42. Ne5+ Kd8 43. Nc6+ Kc8 44. Nxb8 Kxb8 45. Kc6 Kc8 46.
d7+ Kd8 47. b4 g4 48. hxg4 fxg4 49. b5 h4 1/2-1/2

[Event "ONJK 2018 FGH"]
[Site "Borne, Netherlands"]
[Date "2018.08.07"]
[Round "4.5"]
[White "Pereira Garza, Cecilia"]
[Black "Trunz, Tamila"]
[Result "0-1"]
[WhiteElo "818"]
[BlackElo "1128"]
[PlyCount "114"]
[EventDate "2018.??.??"]

1. d4 d5 2. c4 e6 3. cxd5 exd5 4. Nc3 Nf6 5. Bg5 Nbd7 6. e4 dxe4 7. Nxe4 Qe7 8.
Bd3 Qe6 9. Qe2 Be7 10. Bxf6 Nxf6 11. Nxf6+ Bxf6 12. Qxe6+ Bxe6 13. Nf3 O-O 14.
O-O Bg4 15. Ne5 Bxe5 16. dxe5 Rfe8 17. Rfe1 Re7 18. h3 Bd7 19. Rac1 c6 20. f4
Rae8 21. Re2 f6 22. Rce1 fxe5 23. Rxe5 Rxe5 24. fxe5 g6 25. Bc4+ Be6 26. b3
Bxc4 27. bxc4 Kf7 28. Kf2 Ke6 29. g4 Rd8 30. Kf3 Rd4 31. Re4 Rd2 32. a4 Ra2 33.
c5 Rc2 34. Kf4 h6 35. g5 h5 36. Re3 Rxc5 37. h4 Rc4+ 38. Re4 Rxe4+ 39. Kxe4 c5
40. Kf4 Kd5 41. Ke3 Kxe5 42. Kd3 b6 43. Kc4 Kf4 44. Kb5 Kg4 45. Kc4 Kxh4 46.
Kb5 Kxg5 47. Kc4 h4 48. Kb5 h3 49. Kc4 h2 50. Kb5 h1=Q 51. a5 Kf5 52. Ka6 bxa5
53. Kxa5 Qb1 54. Ka6 Ke6 55. Ka5 Kd6 56. Ka6 Kc6 57. Ka5 Qb5# 0-1

[Event "ONJK 2018 FGH"]
[Site "Borne, Netherlands"]
[Date "2018.08.07"]
[Round "4.6"]
[White "Gang, Kevin"]
[Black "Huang, Luna"]
[Result "0-1"]
[WhiteElo "449"]
[BlackElo "704"]
[PlyCount "48"]
[EventDate "2018.??.??"]

1. e4 e5 2. Bc4 Nf6 3. h3 c6 4. Nf3 d6 5. b4 Nbd7 6. O-O b5 7. Bb3 h6 8. a4 Ba6
9. axb5 Bxb5 10. c4 Bxc4 11. Bxc4 Nxe4 12. d3 Ng5 13. Bxg5 hxg5 14. Nfd2 f5 15.
Ba2 Qf6 16. Qf3 Rc8 17. b5 cxb5 18. Qb7 Rc2 19. Qa8+ Ke7 20. Qxa7 g4 21. Nb3
gxh3 22. Rc1 Rxc1+ 23. Nxc1 Qg5 24. Nc3 Qxg2# 0-1

[Event "ONJK 2018 FGH"]
[Site "Borne, Netherlands"]
[Date "2018.08.07"]
[Round "4.7"]
[White "Smeets, Bent"]
[Black "Formanoy, David"]
[Result "0-1"]
[WhiteElo "445"]
[BlackElo "299"]
[PlyCount "32"]
[EventDate "2018.??.??"]

1. d4 d5 2. Nc3 Nc6 3. Bf4 Be6 4. Nb5 Rc8 5. e3 f6 6. Nf3 g5 7. Bg3 Bg7 8. h3
Nh6 9. Bh2 O-O 10. a4 a6 11. Nc3 f5 12. Bg1 Bf6 13. Rc1 Qe8 14. Bh2 Qg6 15. Bd3
Rce8 16. Qe2 Rf7 0-1